Normal view
MARC view
- Mujeres -
Entry Materia
001 - NÚMERO DE CONTROL DEL REGISTRO
- campo de control: 43792
003 - IDENTIFICADOR DE NUMERO DE CONTROL
- campo de control: UPN
005 - FECHA Y HORA DE LA ÚLTIMA TRANSACCIÓN
- campo de control: 20220217135440.0
008 - DATOS DE LONGITUD FIJA
- campo de control de longitud fija: 220217d| anz||baba | a|a d
040 ## - FUENTE DE LA CATALOGACIÓN
- Centro catalogador de origen: UPN
046 ## - FECHAS CON CODIFICACIÓN ESPECIAL
- Fecha final para contenidos agregados: 2022
150 ## - ENCABEZAMIENTO - TEMÁTICO
- Término de materia o nombre geográfico como elemento inicial: Mujeres -
- Subdivisión de materia general: Empleo -
- Subdivisión geográfica: África
670 ## - FUENTE EN LA QUE SE LOCALIZARON DATOS
- Cita de la fuente: Autoridades BGTQ (Encabezamiento: MUJERES - EMPLEO)
